Aplicando la psicología social /
Obra que presenta el panorama actual de la psicología social aplicada a través de sus antecedentes y la delimitación de su objeto de estudio, para después responder con sus planteamientos a los problemas sociales concretos, como son: problemas de violencia política, de género e intrafamiliar, vejez,...
Kaydedildi:
| Yazar: | |
|---|---|
| Diğer Yazarlar: | , |
| Materyal Türü: | Kitap |
| Dil: | İspanyolca |
| Baskı/Yayın Bilgisi: |
Madrid, España :
Pirámide,
2005, c2005
|
| Seri Bilgileri: | (Psicología Pirámide)
|
| Konular: | |
| Etiketler: |
Etiket eklenmemiş, İlk siz ekleyin!
|
MARC
| LEADER | 00000nam^a2200000^a^4500 | ||
|---|---|---|---|
| 001 | 000181120 | ||
| 005 | 20250521000000.0 | ||
| 009 | 20260310101922.441 | ||
| 020 | |a 84-368-1948-9 | ||
| 037 | |a Acervo ITESO - Biblioteca | ||
| 041 | |a ESP | ||
| 082 | |a 302. |b EXP | ||
| 100 | |a Expósito, Francisca |e (coord.) | ||
| 245 | 1 | 0 | |a Aplicando la psicología social / |c Coord. de F. Expósito, M. Moya ; pról. de J.F. Morales. |
| 264 | 4 | |a Madrid, España : |b Pirámide, |c 2005, c2005 | |
| 300 | |a 396 p. | ||
| 336 | |a texto |b txt |2 rdacontenido | ||
| 337 | |a sin mediación |b n |2 rdamedio | ||
| 338 | |a volumen |b nc |2 rdasoporte | ||
| 440 | 1 | |a (Psicología Pirámide) | |
| 520 | |a Obra que presenta el panorama actual de la psicología social aplicada a través de sus antecedentes y la delimitación de su objeto de estudio, para después responder con sus planteamientos a los problemas sociales concretos, como son: problemas de violencia política, de género e intrafamiliar, vejez, entre otros. | ||
| 649 | |a XX | ||
| 650 | |a Género | ||
| 650 | |a Actitudes | ||
| 650 | |a Conocimiento | ||
| 650 | |a Influencia Social | ||
| 650 | |a Liderazgo Político | ||
| 650 | |a Envejecimiento de la Población | ||
| 650 | |a Violencia Doméstica | ||
| 650 | |a Violencia Política | ||
| 650 | |a Ocio y Tiempo Libre | ||
| 650 | |a Turismo | ||
| 650 | |a Inmigración | ||
| 650 | |a Solución de Problemas | ||
| 650 | |a Problemas Sociales | ||
| 650 | |a Psicología Ambiental | ||
| 650 | |a Psicología Social | ||
| 700 | |a Moya, Miguel |e (coordinación) | ||
| 700 | |a Morales, J. Francisco |e (prólogo) | ||
| 910 | |a Fondo General | ||
| 920 | |a Impresos - Libros | ||
| 930 | |a Colección General | ||
| 905 | |a 101 | ||
| 901 | |a 0500120957 |b IT1 |c ACC |u 20250521 | ||
| 902 | |a https://opac.biblio.iteso.mx/vufind/Record/000181120 | ||